Sistema para el ahorro del consumo energético en los establecimientos de salud de la Caja Costarricense de Seguro Social

Gespeichert in:
Bibliographische Detailangaben
1. Verfasser: Ramírez Barrantes, Patricia
Format: Buch
Veröffentlicht: [San José ], Costa Rica 1988
Schlagworte:
Tags: Tag hinzufügen
Keine Tags, Fügen Sie den ersten Tag hinzu!

MARC

LEADER 00000nam a2200000Ia 4500
003 007284
005 20221231144307.0
008 140114s1988 cr a m 000 ||s d
040 |c cru CEDI 
090 |a TFG 3017 
100 |a Ramírez Barrantes, Patricia  |9 11594 
245 |a Sistema para el ahorro del consumo energético en los establecimientos de salud de la Caja Costarricense de Seguro Social  
260 |c 1988  |a [San José ], Costa Rica 
300 |a  113 hojas : ilustraciones ; 28 cm  
500 |a  Práctica dirigida (licenciatura en ingeniería industrial)--Universidad de Costa Rica. Facultad de Ingeniería. Escuela de Ingeniería Industrial 
650 |x CAJA COSTARRICENSE DE SEGURO SOCIAL (SAN JOSE) - ADMINISTRACION  |x CONSUMO DE ENERGIA - COSTA RICA  |9 11595 
942 |c TFG 
999 |c 19720  |d 19720